000 00298 a2200145 4500
001 164110
020 _a
040 _cMagnum
100 _aGoes, Paulo Henrique
240 1 0 _aBrasil, outros 500
_lpor
245 1 0 _aBrasil, outros 500
362 0 _a1899
697 _aPARADIDATICO
942 _cBK
999 _c164110
_d164110